[Event "Assisi op-B 5th"]
[Site "Assisi"]
[Date "2010.12.17"]
[Round "1"]
[White "Ognibene, Piero"]
[Black "Schintu, Enrico"]
[Result "1-0"]
[WhiteElo "1891"]
[BlackElo "1700"]
[PlyCount "77"]
[EventDate "2010.12.17"]
[EventType "swiss"]
[EventRounds "5"]
[EventCountry "ITA"]
[SourceTitle "EXT 2024"]
[Source "ChessBase"]
[SourceDate "2023.10.10"]
[SourceVersion "1"]
[SourceVersionDate "2023.10.10"]
[SourceQuality "1"]

1. d4 Nf6 2. c4 g6 3. Nc3 Bg7 4. Nf3 0-0 5. Bg5 d6 6. e3 Nbd7 7. Be2 c5 8. 0-0 b6 9. Rc1 a6 10. Nd2 Qc7 11. Bf3 Rb8 12. Nde4 cxd4 13. Qxd4 Nxe4 14. Qxe4 Bb7 15. Nd5 Bxd5 16. cxd5 Nc5 17. Qxe7 Qxe7 18. Bxe7 Rfe8 19. Bxd6 Bxb2 20. Rc2 Be5 21. Bxb8 Rxb8 22. Rb1 f5 23. g3 Kf7 24. Rc4 Bd6 25. a4 Kf6 26. Rbc1 Ke5 27. R1c3 Ne4 28. Bxe4 fxe4 29. Rc8 Rb7 30. Ra8 a5 31. Rb3 Kxd5 32. Rxa5+ Kc4 33. Rab5 Ra7 34. Rxb6 Rxa4 35. Rb1 Kc5 36. Rb7 h6 37. Rg7 g5 38. Rd1 Be5 39. Rg6 1-0